000 01134nam a22003017i 4500
005 20251125101710.0
008 250906s2023 us a|||cr|||| 00| j ara d
020 _a9786140602427
040 _aJO-AmGAM
_erda
041 1 _aara
_hund
082 1 4 _a927.9633
_bف ي غ
100 1 _aفيغارا، ماريا إيزابيل سانشيز
_eمؤلف.
245 1 0 _aليو ميسي /
_cماريا إيزابيل سانشيز فيغارا ؛ رسوم فلورنسيا غافيلان ؛ ترجمة ومتابعة تحرير ريمان فزع.
264 3 1 _aNew York :
_bهاشيت أنطوان،
_c2023.
300 _a25 صفحة.
336 _2rdacontent
_aنص
_btxt
337 _2rdamedia
_aدون وسيط عرض
_bn
338 _2rdacarrier
_aمجلد
_bnc
490 1 _aأطفال بأحلام كبيرة.
650 1 7 _aالرياضيون.
650 1 7 _aكرة القدم.
650 1 7 _aالتراجم.
700 1 _aغافيلان، فلورنسيا
_eرسام.
700 1 _aفزع، ريمان
_eمترجم.
830 0 _aأطفال بأحلام كبيرة.
942 _2ddc
_cBK
999 _c247304
_d247304